000 01638nam a2200373 a 4500
999 _c139674
_d139674
003 BLK
005 20250330004155.0
008 180409b bul|||||r ||||||| ||bul||
010 _aKNG00145724000
040 _aBLK
041 _aBUL
_cBUL
080 _aБългарска литература
_b821.163.2
_x-93-1
_z821.163.2-93-1
100 _aЗидаров, Николай
_d1921-2007
_qМаринов, Николай Иванов
_9376528
139 _aЗидаров, Николай
_bЗ 61
245 1 0 _aЛенин слънце е за нас
_bПоемка за деца : За нач. училищна възраст
_cНиколай Зидаров; ил. Борислав Стоев; Николай Иванов Маринов.
257 _aBGR
260 _bБълг. художник
_c1977
_aСофия
300 _a16 с.
_bс ил.
_c28 см
380 _aDX
500 _aИстинското име на авт. е Николай Иванов Маринов. - 60 120 тир.
600 1 4 _aЛенин, Владимир Илич
_9364996
650 4 _aЛенин, Владимир Илич - в художествената литература
_9261912
653 _aдетска литература
653 _aлитература за деца
700 1 _aСтоев, Борислав
_eил.
_9372214
700 1 _aМаринов, Николай Иванов
_e*
_9321007
852 _aЦб ІІ 18149
856 4 _qpdf
856 4 _qpdf
942 _cKNG
_n0
_s1
944 _aCR
_c12.07.2013
_lCRON CRON
_k
944 _aED
_c12.07.2013
_l12.07.2013 - от С1,Р / 12.07.2013
999 _d139674